000 00635nam a22001817a 4500
003 OSt
005 20251119122511.0
008 251119b |||||||| |||| 00| 0 eng d
020 _a13 : 978-1-58255-671-0.
040 _aDWCL-Main lib
_cOC
082 _24th ed.
_aCirc. 610.73076 N974 2008
245 _aNCLEX-RN review made incredibly easy
260 _aPhiladelphia :
_bLippincott William & Wilkins,
_cc2008.
300 _axix, 843 pages :
_billustration ;
_c23 cm. + 1 CD-ROM.
504 _aIncludes bibliographical references & index.
650 _21. Nursing-Examinations, questions, etc.
942 _2ddc
_cBK-CIRC
_e4th ed.
_kCirc.
_n0
999 _c5826
_d5826